Online katalóg knižníc regiónu Turca

Šťastný les (Record no. 21879)

MARC details
000 -LEADER
fixed length control field 01459nam a2200409 a 4500
001 - CONTROL NUMBER
control field 21879
003 - CONTROL NUMBER IDENTIFIER
control field VRT
005 - DATE AND TIME OF LATEST TRANSACTION
control field 20260313141848.0
008 - FIXED-LENGTH DATA ELEMENTS--GENERAL INFORMATION
fixed length control field 240226s1993 xo slo
015 ## - NATIONAL BIBLIOGRAPHY NUMBER
National bibliography number SNBA1993/09
020 ## - INTERNATIONAL STANDARD BOOK NUMBER
International Standard Book Number 8085310295
020 ## - INTERNATIONAL STANDARD BOOK NUMBER
International Standard Book Number 8085310309
Qualifying information (sub.)
035 ## - SYSTEM CONTROL NUMBER
System control number SNK000015556
035 ## - SYSTEM CONTROL NUMBER
System control number urn:nbn:sk:snk-amlnj3
035 ## - SYSTEM CONTROL NUMBER
System control number urn:nbn:sk:snk-am00bwtl
035 ## - SYSTEM CONTROL NUMBER
System control number 663040DE-5996-46BD-A0B2-CA921B5FC39A
039 #9 - LEVEL OF BIBLIOGRAPHIC CONTROL AND CODING DETAIL [OBSOLETE]
Level of rules in bibliographic description 202402261755
Level of effort used to assign nonsubject heading access points VLOAD
Level of effort used to assign subject headings 202205110837
Level of effort used to assign classification VLOAD
Level of effort used to assign subject headings 202205101537
Level of effort used to assign classification csnk01
Level of effort used to assign subject headings 201707060857
Level of effort used to assign classification VLOAD
040 ## - CATALOGING SOURCE
Original cataloging agency SNK
Language of cataloging slo
Transcribing agency SNK
Description conventions AACR2
041 0# - LANGUAGE CODE
Language code of text/sound track or separate title slo
044 ## - COUNTRY OF PUBLISHING/PRODUCING ENTITY CODE
MARC country code xo
ISO country code SK
080 ## - UNIVERSAL DECIMAL CLASSIFICATION NUMBER
Universal Decimal Classification number 885.4-3(087.5)
Edition identifier 1981
100 1# - MAIN ENTRY--PERSONAL NAME
Personal name Baroková, Terézia
Relationship aut
245 10 - TITLE STATEMENT
Title Šťastný les
Statement of responsibility, etc. Terézia Baroková ; ilustrovala Eva Odrášková
250 ## - EDITION STATEMENT
Edition statement 1. vyd.
260 ## - PUBLICATION, DISTRIBUTION, ETC.
Place of publication, distribution, etc. Bratislava
Name of publisher, distributor, etc. Serafín
Date of publication, distribution, etc. 1993
Place of manufacture Žilina
Manufacturer Danubiaprint
300 ## - PHYSICAL DESCRIPTION
Extent 32 s.
Dimensions 26 cm
655 #7 - INDEX TERM--GENRE/FORM
Genre/form data or focus term slovenské rozprávky
Source of term SNKPH
655 #7 - INDEX TERM--GENRE/FORM
Genre/form data or focus term autorské rozprávky
Source of term SNKPH
700 1# - ADDED ENTRY--PERSONAL NAME
Personal name Odrášková, Eva
Relationship ill
-- bjd
910 ## - USER-OPTION DATA (OCLC)
User-option data snk
942 ## - ADDED ENTRY ELEMENTS (KOHA)
Source of classification or shelving scheme Dewey Decimal Classification
Koha item type Krásna literatúra pre deti
Suppress in OPAC No
949 ## - LOCAL PROCESSING INFORMATION (OCLC)
6 17A0087214
9 P60, <04>, [BOOK], {604}
a snkSB 51475 D1
949 ## - LOCAL PROCESSING INFORMATION (OCLC)
6 17A0904335
a snkSB 51475
s 6100:20160606
949 ## - LOCAL PROCESSING INFORMATION (OCLC)
6 273K0230904
a svkpoC 28543
b svkpo397422
o PV 768/94
949 ## - LOCAL PROCESSING INFORMATION (OCLC)
6 3830001105442
a kurukT18/BARO1-1
b kuruk2015/F9194
o D2015/Stanislav Košč /15. 10. 2015
949 ## - LOCAL PROCESSING INFORMATION (OCLC)
6 3830001105443
a kurukT18/BARO1-1
b kuruk2015/F9195
o D2015/Stanislav Košč /15. 10. 2015
Holdings
Stav vyradenia Strata Poškodenie Spôsob nadobudnutia Domovská knižnica Aktuálna knižnica Dátum nadobudnutia Total checkouts Čiarový kód exemplára Date last seen Typ exemplára
      Dar Obecná knižnica Horná Štubňa Obecná knižnica Horná Štubňa 13.03.2026   4736201839 13.03.2026 Krásna literatúra pre deti
Projekt je podporený Slovenskou asociáciou knižníc
Prevádzkuje Turčianska knižnica Martin 2026